| 000 | 00555nam a2200193Ia 4500 | ||
|---|---|---|---|
| 005 | 20220623140933.0 | ||
| 008 | 210716s2008 xx 000 0 und d | ||
| 020 | _a9788120335240 | ||
| 040 | _cAIMIT LIBRARY | ||
| 041 | _aeng | ||
| 082 |
_a006.6 _21 _bDESA |
||
| 100 |
_aDesai, Apurva A. _944683 |
||
| 245 |
_aComputer graphics / _cBy Apurva A. Desai. |
||
| 250 | _a1st ed. | ||
| 260 |
_aNew Delhi : _bPHI Learning Pvt Ltd , _c2008. |
||
| 300 |
_axv,347p. ; _bPB _c23.5 cm. |
||
| 650 |
_aComputer Graphics. _944684 |
||
| 942 |
_2ddc _cBK _e1st _k006.6 DESA |
||
| 999 |
_c189189 _d189189 |
||